000 00514nam a2200169Ia 4500
008 231221s9999 xx 000 0 und d
020 _a9790000000000
041 _aEnglish
082 _a658.5752 ANN;2
100 _aAnnacchino, P E. Marc, A.
245 0 _aNew product developement : from initial idea to product management
260 _c2003
_bButterworth Heinmann
_aBurlington
300 _axxxii, 567
300 _c55488
650 _aproduct,developement,initial,idea,product,management
942 _cCD
999 _c210123
_d210123